| 000 | 00856pam a22002895a 4500 | ||
|---|---|---|---|
| 001 | 1013394 | ||
| 005 | 20200421093827.0 | ||
| 008 | 990512s1998 enk 000 0 eng | ||
| 015 | _aGB98-77189 | ||
| 016 | 7 |
_a0140446192 _2Uk |
|
| 020 | _a0140446192 | ||
| 035 | _a(Uk)gb 98077189 | ||
| 040 |
_aUkOxU _cUkOxU _dUk |
||
| 041 | 1 |
_aeng _hgrc |
|
| 100 | 0 |
_aAristotle. _91402 |
|
| 245 | 1 | 4 |
_aThe metaphysics / _cAristotle ; translated with an introduction by Hugh Lawson-Tancred. |
| 260 |
_aLondon : _bPenguin, _c1998. |
||
| 300 |
_alviii, 459 p. ; _c20 cm. |
||
| 490 | 0 | _aPenguin classics | |
| 546 | _aTranslated from the ancient Greek. | ||
| 600 | 0 | 0 |
_aAristotle _xTranslations into English. |
| 650 | 0 | _aPhilosophy, Ancient. | |
| 700 | 1 |
_aLawson-Tancred, H. C. _q(Hugh C.) |
|
| 942 |
_2ddc _cBK |
||
| 956 | _aNLS | ||
| 999 |
_c371 _d371 |
||